| 000 | 00592nam a2200169 i 4500 | ||
|---|---|---|---|
| 001 | 74023 | ||
| 003 | ES-MaACL | ||
| 005 | 20230906172007.0 | ||
| 007 | t| | ||
| 008 | 040914s1929 ag ||||1| spa d | ||
| 100 | 1 |
_aGonzález, Julio V. _958351 |
|
| 245 | 1 | 3 |
_aLa emancipación de la Universidad _b: contribución al estudio de un nuevo régimen de enseñanza pública superior en la Argentina / _cJulio V. González. |
| 260 |
_aBuenos Aires : _bL. J. Rosso, _c1929. |
||
| 300 |
_aXXVII, 367 p. ; _c21 cm. |
||
| 650 | 4 |
_aEnseñanza superior- _zArgentina. _9161563 |
|
| 852 |
_aES-MaACL _jA-1804 |
||
| 999 |
_c74023 _d74023 |
||